Buffalo Nickel a Novel / (Record no. 186680)

000 -LEADER
fixed length control field 00459 a2200181 4500
003 - CONTROL NUMBER IDENTIFIER
control field Nust
005 - DATE AND TIME OF LATEST TRANSACTION
control field 20230124092750.0
010 ## - LIBRARY OF CONGRESS CONTROL NUMBER
LC control number 89003683
020 ## - INTERNATIONAL STANDARD BOOK NUMBER
International Standard Book Number 0671624474 :
040 ## - CATALOGING SOURCE
Transcribing agency Nust
082 00 - DEWEY DECIMAL CLASSIFICATION NUMBER
Classification number 813,SMI
100 1# - MAIN ENTRY--PERSONAL NAME
Personal name Smith, C. W.
9 (RLIN) 80308
245 10 - TITLE STATEMENT
Title Buffalo Nickel a Novel /
Statement of responsibility, etc. C.W. Smith.
260 ## - PUBLICATION, DISTRIBUTION, ETC.
Place of publication, distribution, etc. New York :
Name of publisher, distributor, etc. Poseidon Press,
Date of publication, distribution, etc. c1989.
300 ## - PHYSICAL DESCRIPTION
Extent 429 p. ;
Dimensions 25 cm.
650 #0 - SUBJECT ADDED ENTRY--TOPICAL TERM
Topical term or geographic name entry element Kiowa Apache Indians
General subdivision Fiction.
9 (RLIN) 107481
942 ## - ADDED ENTRY ELEMENTS (KOHA)
Source of classification or shelving scheme
Koha item type Book
Holdings
Withdrawn status Lost status Source of classification or shelving scheme Damaged status Not for loan Permanent Location Current Location Shelving location Date acquired Total Checkouts Full call number Barcode Date last seen Date last checked out Price effective from Koha item type Public note
          Military College of Signals (MCS) Military College of Signals (MCS) Fiction 12/12/2016 1 813,SMI MCS3299 12/05/2024 11/18/2024 12/12/2016 Book Almirah No.57, Shelf No.4
© 2023 Central Library, National University of Sciences and Technology. All Rights Reserved.